| 000 | 01010nam a22001937a 4500 | ||
|---|---|---|---|
| 005 | 20120515124525.0 | ||
| 020 |
_a _c400.00 |
||
| 035 | _aB-244211 | ||
| 082 | _a500 | ||
| 100 |
_aवुडबरी, डेविड ओ. _947127 |
||
| 245 |
_aनवीन विज्ञान : _cडेविड ओ.वुडबरी;रामचन्द्र तिवारी एवं सिद्ध तिवारी _b1001 प्रश्न और उत्तर / |
||
| 260 |
_aदिल्ली _bआत्माराम एण्ड संस _c2006 |
||
| 270 |
_a1376, कश्मीरी गेट _bदिल्ली _e110006 _k011- 23946466 |
||
| 300 |
_a369पृ _c22सेमी (सजिल्द) |
||
| 700 |
_942402 _aतिवारी, रामचन्द्र |
||
| 700 |
_aतिवारी सिद्ध _942483 |
||
| 942 |
_2ddc _cHN _mवुडब _h500 |
||
| 999 |
_c66661 _d66661 |
||